| 000 | 01107cam a2200313 a 4500 | ||
|---|---|---|---|
| 001 | 24852 | ||
| 003 | BD-RjUL | ||
| 005 | 20211209001115.0 | ||
| 008 | 140315s1947 nyucfh b 001 0 eng d | ||
| 035 | _a(BD-RjUL)24921 | ||
| 040 |
_aBD-RjUL _beng _cBD-RjUL _dBD-RjUL |
||
| 041 | _aeng | ||
| 082 |
_a940.253 _bROQ 1947 |
||
| 100 | 1 |
_aRoberts, Penfield, _d1892-1944. _976493 |
|
| 245 | 1 | 4 |
_aThe quest for security, 1715-1740 / _cby Penfield Roberts |
| 260 |
_aNew York ; _aLondon : _bHarper and Brothers, _cc1947. |
||
| 300 |
_ax., 300 p [27]p. of plates : _bports ; _c22 cm |
||
| 490 | 1 | _aRise of modern Europe | |
| 500 | _aThe plates, which precede t.-p., have half-title: Fifty-four illustrations drawn from unusual sources and specially chosen by the author | ||
| 500 | _aMap on lining-papers | ||
| 500 | _a"First edition." | ||
| 504 | _aBibliography: p. 264-291 and index. | ||
| 650 |
_aEurope History 18th century _973931 |
||
| 651 | 0 |
_aEurope _xHistory _y18th century _945541 |
|
| 830 | 0 |
_aRise of modern Europe _976495 |
|
| 942 |
_2ddc _cBK |
||
| 999 |
_c24852 _d24852 |
||